| 000 | 00991cam a22003017a 4500 | ||
|---|---|---|---|
| 003 | CHAP | ||
| 005 | 20220329134343.0 | ||
| 008 | 971013s1981 r 00010 d | ||
| 010 | _a19235 | ||
| 011 | _a20207 | ||
| 035 | _a24295 | ||
| 040 | _cCHAP | ||
| 082 |
_a624.1834 _bA5Y |
||
| 110 |
_aAmerican Concrete Institute. Detroit, Mich. _95234 |
||
| 245 | 0 | _aConstrucción de losas y pisos de concreto; ACI 302-IR-80 | |
| 260 |
_aMéxico, D.F., : _bInstituto Mexicano del Cemento y del Concreto, _c1981 |
||
| 300 |
_a155 p. _b: ilus |
||
| 590 |
_aBATCH-UPD _b10 _c20130110 _lUCH01 _h1231 |
||
| 590 |
_aBATCH-UPD _b10 _c20130410 _lUCH01 _h0801 |
||
| 590 |
_aBATCH-UPD _b10 _c20130914 _lUCH01 _h1025 |
||
| 590 |
_aCONVERSION _b10 _c20130109 _lUCH01 _h1312 |
||
| 650 | 1 | 4 |
_aConcreto. _926302 |
| 650 | 1 | 4 |
_aConstrucción _xMateriales de. _927387 |
| 650 | 1 | 4 |
_aLosas de concreto. _968583 |
| 901 | _aBK | ||
| 942 | _cLIBRO | ||
| 949 |
_a624.1834 A5Y _bBC _cLIBRO _d33724000019097 _eLIBRO _h58151 _i24295 _si |
||
| 999 |
_c19235 _d19235 |
||